Vývoj zahraničného obchodu Slovenska s krajinami Spoločenstva nezávislých štátov

Vzájomná integrácia krajín Spoločenstva nezávislých štátov (SNŠ). Vývoj zahraničného obchodu Slovenska. Vývoj vzájomného zahraničného obchodu medzi SR a krajinami SNŠ.

Enregistré dans:
Détails bibliographiques
Auteur principal: Kašťáková, Elena, 1974-
Format: Chapitre de livre
Langue:slovaque
Sujets:
Tags: Ajouter un tag
Pas de tags, Soyez le premier à ajouter un tag!

MARC

LEADER 00000nla a2200000 4500
001 0211590
005 20240502073529.0
041 0 |a slo 
044 |a SK 
245 1 0 |a Vývoj zahraničného obchodu Slovenska s krajinami Spoločenstva nezávislých štátov  |c Elena Kašťáková 
520 |a Vzájomná integrácia krajín Spoločenstva nezávislých štátov (SNŠ). Vývoj zahraničného obchodu Slovenska. Vývoj vzájomného zahraničného obchodu medzi SR a krajinami SNŠ. 
610 2 0 |a obchod zahraničný 
610 2 0 |a dovoz 
610 2 0 |a vývoz 
610 2 0 |a spolupráca medzinárodná 
610 2 0 |a Spoločenstvo nezávislých štátov 
610 2 0 |a Slovensko 
100 1 |a Kašťáková, Elena, 1974-